000 00907nam a22001457a 4500
008 190601b xxu||||| |||| 00| 0 eng d
020 _a9789057790171
082 _a759.93
_bT968m
100 _aStorr, Robert; Pirotte, Philipp; Hoet, Jan.
_97070
245 _aLuc Tuymans - MWANA KITOKO (Beautiful White Man)
260 _aBélgica
_bS.M.A.K. Stedelijk Museum voor Actuele Kunst
_c2001
300 _a136 p.
_bill (col).
_c22.9 x 27.3 cm
505 _tPreface
_rMinister of Culture Bert Anciaux
_tIntroduction
_rJan Hoet
_tA Worst Case Scenario
_rRobert Storr
_tBelgian Pavilion: floor plan / photo / images
_tMwana Kitoko (Beautiful white man)
_rPhilippe Pirotte (images from the series Mwana Kitoko)
_tTraduction des textes en français
_tBiography and Bibliography
_tList of Works
_tAcknowledgements
_tColophon
650 _2Arte contemporáneo
_vPintura
_xArte - bienales
_yBienal de Venecia 2001
_zArte - Bélgica
_97071
999 _c1801
_d1801